[Event "WchT Seniors 65"]
[Site "Struga"]
[Date "2023.09.27"]
[Round "8.2"]
[White "Karppinen, Martti"]
[Black "Meyer, Paul"]
[Result "0-1"]
[WhiteElo "1856"]
[BlackElo "2064"]
[PlyCount "82"]
[EventDate "2023.09.19"]
[EventType "team-swiss"]
[EventRounds "9"]
[EventCountry "MKD"]
[SourceTitle "EXT 2024"]
[Source "ChessBase"]
[SourceDate "2023.10.10"]
[SourceVersion "1"]
[SourceVersionDate "2023.10.10"]
[SourceQuality "1"]
[WhiteTeam "Finland 65 II"]
[BlackTeam "Austria 65 II"]
[WhiteTeamCountry "FIN"]
[BlackTeamCountry "AUT"]

1. d4 Nf6 2. c4 c5 3. e3 e6 4. Nf3 b6 5. Nc3 d6 6. d5 exd5 7. cxd5 g6 8. Bb5+ Bd7 9. Qa4 Bxb5 10. Nxb5 Nbd7 11. b3 a6 12. Na3 b5 13. Qf4 Bg7 14. Rb1 0-0 15. 0-0 Qa5 16. Qxd6 Rfd8 17. b4 cxb4 18. Qxb4 Qxb4 19. Rxb4 Nxd5 20. Rh4 Rac8 21. Bd2 Bb2 22. Nb1 Nc5 23. Ba5 Rd7 24. Nbd2 f5 25. Rb1 Bf6 26. Rh3 Nc3 27. Bxc3 Bxc3 28. Nb3 Nxb3 29. axb3 Rcd8 30. Kf1 Rd1+ 31. Rxd1 Rxd1+ 32. Ke2 Rb1 33. Nd4 b4 34. Rg3 Rb2+ 35. Kf1 Kf7 36. Rh3 h5 37. Rg3 a5 38. h4 Rd2 39. Nc6 a4 40. bxa4 b3 41. e4 b2 0-1

[Event "Heart of Finland op 30th"]
[Site "Jyvaskyla"]
[Date "2022.07.18"]
[Round "1"]
[White "Karppinen, Martti"]
[Black "Chatalbashev, Boris"]
[Result "0-1"]
[WhiteElo "1874"]
[BlackElo "2520"]
[PlyCount "66"]
[EventDate "2022.07.18"]
[EventType "swiss"]
[EventRounds "9"]
[EventCountry "FIN"]
[SourceTitle "CBM 209 Extra"]
[Source "ChessBase"]
[SourceDate "2022.09.30"]
[SourceVersion "1"]
[SourceVersionDate "2022.09.30"]
[SourceQuality "1"]

1. c4 e5 2. Nc3 Nf6 3. g3 c6 4. Bg2 d5 5. cxd5 cxd5 6. d3 Nc6 7. Nf3 d4 8. Ne4 Nxe4 9. dxe4 Bb4+ 10. Bd2 a5 11. a3 Bxd2+ 12. Nxd2 0-0 13. 0-0 Be6 14. Rc1 Qb6 15. b3 Qb5 16. Nc4 Qc5 17. a4 Rfd8 18. Nd2 Qb4 19. Nc4 Rab8 20. Qd3 b5 21. axb5 Qxb5 22. Nd2 Qxd3 23. exd3 Nb4 24. Rc5 Nxd3 25. Rxa5 Bxb3 26. Ra3 Bc2 27. Rfa1 g6 28. Bf1 Nc5 29. f3 d3 30. Rc3 Nb3 31. Nxb3 Rxb3 32. Rc5 Rb1 33. Rxb1 Bxb1 0-1

[Event "FIN-ch Seniors 65"]
[Site "Helsinki"]
[Date "2020.09.27"]
[Round "7"]
[White "Jarnstrom, Henrik"]
[Black "Karppinen, Martti"]
[Result "0-1"]
[WhiteElo "1696"]
[BlackElo "1878"]
[PlyCount "100"]
[EventDate "2020.09.24"]
[EventType "swiss"]
[EventRounds "7"]
[EventCountry "FIN"]
[SourceTitle "CBM 198 Extra"]
[Source "ChessBase"]
[SourceDate "2020.11.30"]
[SourceVersion "1"]
[SourceVersionDate "2020.11.30"]
[SourceQuality "1"]

1. e4 c5 2. Be2 Nc6 3. f4 e5 4. d3 Nf6 5. Nf3 Qc7 6. fxe5 Nxe5 7. Nc3 a6 8. 0-0 Bd6 9. h3 Nxf3+ 10. Bxf3 Be5 11. Bg5 Bd4+ 12. Kh1 Qg3 13. Bxf6 Bxf6 14. Ne2 Qh4 15. c3 d6 16. Ng1 Bd7 17. Qe1 0-0-0 18. Qxh4 Bxh4 19. d4 Bb5 20. Rfd1 Bf6 21. Bg4+ Kc7 22. b3 h5 23. Bf3 g5 24. a4 Bd7 25. dxc5 dxc5 26. Rd5 g4 27. Be2 Kc6 28. Rc1 Be6 29. Rxd8 Rxd8 30. c4 Rd4 31. hxg4 hxg4 32. Rd1 Rxe4 33. g3 Bd4 34. Bf1 Re5 35. Ne2 Rh5+ 36. Kg2 Be5 37. Kf2 Bd6 38. Bg2+ Kc7 39. Nc3 Rh2 40. Ne2 Bf5 41. Kg1 Rh6 42. Kf2 Bc2 43. Rd2 Rf6+ 44. Kg1 Bg6 45. Nc3 Re6 46. Nd5+ Kb8 47. Kf2 Be5 48. Rd1 Bd4+ 49. Kf1 Bc2 50. Rd2 Bxb3 0-1

[Event "FIN-ch Seniors 65"]
[Site "Helsinki"]
[Date "2020.09.27"]
[Round "6"]
[White "Karppinen, Martti"]
[Black "Koskinen, Hannu E"]
[Result "1/2-1/2"]
[WhiteElo "1878"]
[BlackElo "1753"]
[PlyCount "84"]
[EventDate "2020.09.24"]
[EventType "swiss"]
[EventRounds "7"]
[EventCountry "FIN"]
[SourceTitle "CBM 198 Extra"]
[Source "ChessBase"]
[SourceDate "2020.11.30"]
[SourceVersion "1"]
[SourceVersionDate "2020.11.30"]
[SourceQuality "1"]

1. d4 Nf6 2. c4 g6 3. g3 Bg7 4. Bg2 d6 5. Nc3 0-0 6. e4 Nbd7 7. Be3 e5 8. Nge2 Ng4 9. Qd2 Nxe3 10. Qxe3 exd4 11. Nxd4 Ne5 12. Qe2 c6 13. 0-0 Qf6 14. Rad1 Be6 15. Nxe6 Qxe6 16. b3 Rad8 17. Qc2 Nd7 18. Ne2 Nb6 19. Nf4 Qf6 20. Nd3 Nd7 21. f4 Rfe8 22. Nf2 Nb6 23. Ng4 Qb2 24. Qxb2 Bxb2 25. e5 Kg7 26. exd6 Ba3 27. Rd3 Rxd6 28. Rxd6 Bxd6 29. Rd1 Bc5+ 30. Kf1 Re7 31. Ne5 f6 32. Nd3 Ba3 33. Bf3 a5 34. Nf2 Rd7 35. Rxd7+ Nxd7 36. Ne4 f5 37. Ng5 Nc5 38. g4 h6 39. Nh3 Nd3 40. gxf5 gxf5 41. Bd1 Nc1 42. Bc2 Kf6 1/2-1/2

[Event "FIN-ch Seniors 65"]
[Site "Helsinki"]
[Date "2020.09.26"]
[Round "5"]
[White "Tiensuu, Seppo"]
[Black "Karppinen, Martti"]
[Result "0-1"]
[WhiteElo "1412"]
[BlackElo "1878"]
[PlyCount "133"]
[EventDate "2020.09.24"]
[EventType "swiss"]
[EventRounds "7"]
[EventCountry "FIN"]
[SourceTitle "CBM 198 Extra"]
[Source "ChessBase"]
[SourceDate "2020.11.30"]
[SourceVersion "1"]
[SourceVersionDate "2020.11.30"]
[SourceQuality "1"]

1. e4 c5 2. Nf3 Nc6 3. Bc4 d6 4. 0-0 Nf6 5. Re1 a6 6. a4 Bg4 7. c3 Qa5 8. d3 Bxf3 9. Qxf3 Ne5 10. Qh3 b5 11. Bd5 Nxd5 12. exd5 c4 13. dxc4 bxc4 14. Nd2 Qc7 15. Re4 a5 16. f4 Qc5+ 17. Rd4 Nd3 18. Nxc4 Nxc1 19. Rxc1 g6 20. Nxd6+ Qxd6 21. Rc4 f5 22. Qf3 Bh6 23. g3 Qb6+ 24. Kf1 0-0 25. Qe2 Rfe8 26. Rc6 Qb3 27. Qb5 Rab8 28. Rb6 Qxb5+ 29. Rxb5 Kf7 30. Rc2 Rxb5 31. axb5 Bg7 32. b3 Rc8 33. c4 Bd4 34. Ke2 Ke8 35. Kd3 Bc5 36. Ra2 Ra8 37. Kc3 Ra7 38. Kd3 Kd7 39. Ra4 e6 40. dxe6+ Kxe6 41. Ra2 Rd7+ 42. Ke2 Bb4 43. Rc2 Kd6 44. Kf3 Kc5 45. Ke2 Re7+ 46. Kd3 Re1 47. Ra2 Rb1 48. Kc2 Rf1 49. Kd3 Rf3+ 50. Kc2 Rf2+ 51. Kb1 Rxa2 52. Kxa2 Kb6 53. Kb2 Bc5 54. Kc3 h5 55. h3 Bf2 56. g4 hxg4 57. hxg4 fxg4 58. Kd3 Kc5 59. Ke2 Bg1 60. Kf1 Be3 61. Kg2 Bxf4 62. Kf2 Bc7 63. Kg2 Kb4 64. Kf1 Bb6 65. Kg2 Kxb3 66. c5 Bc7 67. b6 0-1

[Event "FIN-ch Seniors 65"]
[Site "Helsinki"]
[Date "2020.09.24"]
[Round "1"]
[White "Terasalo, Kari"]
[Black "Karppinen, Martti"]
[Result "0-1"]
[WhiteElo "1782"]
[BlackElo "1878"]
[PlyCount "74"]
[EventDate "2020.09.24"]
[EventType "swiss"]
[EventRounds "7"]
[EventCountry "FIN"]
[SourceTitle "CBM 198 Extra"]
[Source "ChessBase"]
[SourceDate "2020.11.30"]
[SourceVersion "1"]
[SourceVersionDate "2020.11.30"]
[SourceQuality "1"]

1. e4 c5 2. Nf3 d6 3. Bc4 e5 4. 0-0 Be7 5. Nc3 Nf6 6. Re1 Nc6 7. Nd5 0-0 8. Nxe7+ Nxe7 9. c3 a6 10. d4 Ng6 11. Bg5 h6 12. Bxf6 Qxf6 13. dxe5 dxe5 14. Re3 Nf4 15. Qf1 Be6 16. Bxe6 Qxe6 17. Nh4 g6 18. g3 Qf6 19. Nf3 Ne6 20. Rd1 Rad8 21. Rd5 Rxd5 22. exd5 Nc7 23. Qd1 Qd6 24. Rxe5 f6 25. Re2 Qxd5 26. Rd2 Qxa2 27. Rd7 Ne6 28. b3 Re8 29. Qd3 f5 30. Nh4 Qxb3 31. Nxg6 Qb5 32. c4 Qa4 33. Qxf5 Qxd7 34. Nf4 Qd1+ 35. Kg2 Nxf4+ 36. Qxf4 Qd7 37. Qxh6 Qc6+ 0-1

[Event "Tampere TammerSh Spring op-B"]
[Site "Tampere"]
[Date "2019.04.21"]
[Round "3"]
[White "Karppinen, Martti"]
[Black "Nikula, Mikko"]
[Result "1-0"]
[WhiteElo "1883"]
[BlackElo "1886"]
[PlyCount "49"]
[EventDate "2019.04.20"]
[EventType "swiss"]
[EventRounds "4"]
[EventCountry "FIN"]
[SourceTitle "EXT 2021"]
[Source "ChessBase"]
[SourceDate "2020.10.23"]
[SourceVersion "1"]
[SourceVersionDate "2020.10.23"]
[SourceQuality "1"]

1. g3 e5 2. Bg2 d5 3. b3 Nf6 4. Ba3 Bxa3 5. Nxa3 0-0 6. c3 c6 7. Nc2 a5 8. a4 Bf5 9. Ne3 Be6 10. Nf3 Nfd7 11. h4 f6 12. Qc2 Na6 13. Bh3 Qe7 14. Bf5 g6 15. Bxe6+ Qxe6 16. h5 e4 17. hxg6 exf3 18. g7 Qe4 19. exf3 Qxc2 20. gxf8Q+ Rxf8 21. Nxc2 Ne5 22. f4 Nd3+ 23. Kf1 Nac5 24. Ke2 Re8+ 25. Ne3 1-0

[Event "FIN-chT1B 1718"]
[Site "Finland"]
[Date "2017.09.16"]
[Round "1.5"]
[White "Karppinen, Martti"]
[Black "Nokka, Risto"]
[Result "0-1"]
[WhiteElo "1904"]
[BlackElo "2219"]
[PlyCount "48"]
[EventDate "2017.09.16"]
[EventType "team-tourn"]
[EventRounds "7"]
[EventCountry "FIN"]
[SourceTitle "EXT 2020"]
[Source "ChessBase"]
[SourceDate "2019.10.17"]
[SourceVersion "1"]
[SourceVersionDate "2019.10.17"]
[SourceQuality "1"]
[WhiteTeam "Lahti S"]
[BlackTeam "Joensuu SK"]
[WhiteTeamCountry "FIN"]
[BlackTeamCountry "FIN"]

1. d4 Nf6 2. c4 c5 3. d5 b5 4. b3 g6 5. Bb2 Bg7 6. e3 0-0 7. Nf3 d6 8. Bd3 bxc4 9. bxc4 e5 10. e4 Nh5 11. Nc3 Nf4 12. 0-0 Nd7 13. Ne2 Nxd3 14. Qxd3 f5 15. Rab1 Nf6 16. Ng5 fxe4 17. Qd2 Bh6 18. h4 Nh5 19. Bc1 Nf4 20. Nxf4 Bxg5 21. hxg5 Rxf4 22. Qe2 Bg4 23. Qe3 Bf3 24. Qb3 Qxg5 0-1

[Event "Naantali Avoin op"]
[Site "Naantali"]
[Date "2017.07.05"]
[Round "4"]
[White "Karppinen, Martti"]
[Black "Torvi, Markku"]
[Result "1-0"]
[WhiteElo "1898"]
[BlackElo "1730"]
[PlyCount "125"]
[EventDate "2017.07.03"]
[EventType "swiss"]
[EventRounds "7"]
[EventCountry "FIN"]
[SourceTitle "EXT 2018"]
[Source "ChessBase"]
[SourceDate "2017.10.13"]
[SourceVersion "1"]
[SourceVersionDate "2017.10.13"]
[SourceQuality "1"]

1. d4 d5 2. c4 c6 3. Nf3 Nf6 4. Nc3 e6 5. Bg5 Be7 6. e3 Nbd7 7. Bd3 0-0 8. 0-0 h6 9. Bf4 Nh5 10. Be5 Nxe5 11. dxe5 dxc4 12. Bxc4 g6 13. g4 Ng7 14. Ne4 f5 15. exf6 Bxf6 16. Qxd8 Bxd8 17. Ne5 Kh7 18. Rad1 Bc7 19. Nd7 Rf7 20. g5 Bxd7 21. Nf6+ Kh8 22. gxh6 Nf5 23. Rxd7 Rxd7 24. Nxd7 Nxh6 25. Bxe6 Re8 26. Bh3 Re7 27. Nf8 Kg8 28. Ne6 Be5 29. b3 Nf5 30. Bxf5 gxf5 31. Ng5 Bf6 32. Nf3 Rg7+ 33. Kh1 Rh7 34. Rc1 Rd7 35. Rc5 Rd5 36. Rxd5 cxd5 37. Kg2 Kf7 38. Kg3 Ke6 39. Kf4 Bd8 40. Nd4+ Kf6 41. h3 Bc7+ 42. Kf3 a6 43. Ke2 f4 44. Kf3 fxe3 45. fxe3 Be5 46. Kg4 Kg6 47. Ne6 Kf6 48. Nd8 b5 49. Nc6 Bd6 50. h4 Bc5 51. Kf4 Bd6+ 52. Kf3 Kg6 53. Kg4 Kh6 54. Nd4 Bc5 55. Kf5 Kh5 56. Ke5 Kxh4 57. Kxd5 Bf8 58. e4 Kg4 59. e5 Ba3 60. Nc6 Kf5 61. b4 Bb2 62. e6 Kf6 63. Kd6 1-0

[Event "Nordic-ch Seniors"]
[Site "Sastamala"]
[Date "2016.10.22"]
[Round "1"]
[White "Rodgaard, John"]
[Black "Karppinen, Martti"]
[Result "1-0"]
[WhiteElo "2338"]
[BlackElo "1915"]
[PlyCount "109"]
[EventDate "2016.10.22"]
[EventType "swiss"]
[EventRounds "9"]
[EventCountry "FIN"]
[SourceTitle "EXT 2018"]
[Source "ChessBase"]
[SourceDate "2017.10.13"]
[SourceVersion "1"]
[SourceVersionDate "2017.10.13"]
[SourceQuality "1"]

1. c4 c5 2. Nf3 Nc6 3. d4 cxd4 4. Nxd4 Nf6 5. Nc3 e6 6. Ndb5 a6 7. Nd6+ Bxd6 8. Qxd6 Qe7 9. Bf4 0-0 10. Qxe7 Nxe7 11. Bd6 Re8 12. e4 h6 13. f3 Nc6 14. Kf2 Rd8 15. Bc7 Rf8 16. c5 Ne8 17. Bb6 f5 18. exf5 Rxf5 19. Bd3 Rf8 20. Rad1 Ne5 21. Rhe1 Nxd3+ 22. Rxd3 Rf5 23. a4 Rf4 24. Re4 Rf5 25. a5 Nf6 26. Rc4 h5 27. h4 Ng4+ 28. Ke2 Ne5 29. Rcd4 Nxd3 30. Kxd3 d5 31. cxd6 Bd7 32. Ne4 Rc8 33. b4 Kf7 34. Nc5 Rcxc5 35. Bxc5 e5 36. Re4 Ke6 37. Ke3 Bb5 38. g4 hxg4 39. Rxg4 Rf7 40. Rg6+ Kd7 41. Ke4 Bc6+ 42. Kxe5 Bxf3 43. Be3 Bd1 44. Rg2 Ba4 45. Bg5 Bb5 46. Be7 Bc6 47. Rg3 Bb5 48. h5 Bc6 49. h6 gxh6 50. Rg8 Rxe7+ 51. dxe7 Kxe7 52. Rh8 Bf3 53. Rh7+ Kd8 54. Kd6 Ke8 55. Rxh6 1-0

[Event "Savonlinna We SavSK"]
[Site "Savonlinna"]
[Date "2015.09.06"]
[Round "5"]
[White "Karppinen, Martti"]
[Black "Auvinen, Esa"]
[Result "0-1"]
[WhiteElo "1913"]
[BlackElo "1951"]
[PlyCount "86"]
[EventDate "2015.09.05"]
[EventType "swiss"]
[EventRounds "5"]
[EventCountry "FIN"]
[SourceTitle "EXT 2022"]
[Source "ChessBase"]
[SourceDate "2021.10.06"]
[SourceVersion "1"]
[SourceVersionDate "2021.10.06"]
[SourceQuality "1"]

1. e4 e5 2. Nf3 Nc6 3. Bb5 f5 4. Bxc6 dxc6 5. d3 fxe4 6. Bg5 Be7 7. Bxe7 Nxe7 8. Nxe5 Qd4 9. Nc4 b5 10. c3 Qxd3 11. Qxd3 exd3 12. Ne5 Bf5 13. Nd2 0-0 14. 0-0 c5 15. c4 c6 16. g4 Bg6 17. Nb3 bxc4 18. Nxc5 Rf4 19. Rac1 Bf7 20. b3 Ng6 21. Nxc4 Rxg4+ 22. Kh1 Bd5+ 23. f3 Rf8 24. Ne3 Rgf4 25. Nxd5 cxd5 26. Ne6 Ne5 27. Nxf8 Kxf8 28. Kg2 Kf7 29. Kg3 g5 30. Rce1 Kf6 31. Rd1 h5 32. Rd2 Rd4 33. h3 Ng6 34. Kf2 Ne5 35. Ke3 Rf4 36. Rdf2 a5 37. Rc1 Ke6 38. Rc5 a4 39. Rb5 axb3 40. axb3 d4+ 41. Kd2 Rf7 42. Rxe5+ Kxe5 43. Kxd3 Rb7 0-1

[Event "Savonlinna We SavSK"]
[Site "Savonlinna"]
[Date "2015.09.05"]
[Round "2"]
[White "Karppinen, Martti"]
[Black "Munukka, Timo"]
[Result "1/2-1/2"]
[WhiteElo "1913"]
[BlackElo "1944"]
[PlyCount "75"]
[EventDate "2015.09.05"]
[EventType "swiss"]
[EventRounds "5"]
[EventCountry "FIN"]
[SourceTitle "EXT 2022"]
[Source "ChessBase"]
[SourceDate "2021.10.06"]
[SourceVersion "1"]
[SourceVersionDate "2021.10.06"]
[SourceQuality "1"]

1. e4 c5 2. Nf3 d6 3. Bc4 Nf6 4. Nc3 a6 5. a4 Nc6 6. 0-0 e6 7. d4 cxd4 8. Nxd4 Qc7 9. Nxc6 Qxc6 10. Bd3 b6 11. f3 Be7 12. Be3 0-0 13. Qe1 Nd7 14. Qg3 Ne5 15. Bd4 Bf6 16. f4 Nf3+ 17. Qxf3 Bxd4+ 18. Kh1 Bb7 19. Nd1 f5 20. exf5 Qxf3 21. gxf3 exf5 22. c3 Bf6 23. Ne3 g6 24. Nc4 Rad8 25. Nxb6 Rfe8 26. Nc4 Kf8 27. Kg2 d5 28. Na5 Bc8 29. Nb3 Rd6 30. Rfe1 Rb6 31. Rxe8+ Kxe8 32. Re1+ Kf7 33. Bc2 a5 34. Kg3 Be6 35. Rb1 d4 36. Nxd4 Bxd4 37. cxd4 Rb4 38. b3 1/2-1/2

[Event "EU-chT Seniors"]
[Site "Sibenik"]
[Date "2014.04.04"]
[Round "4.18"]
[White "Mai, Hartmut"]
[Black "Karppinen, Martti"]
[Result "1/2-1/2"]
[WhiteElo "1944"]
[BlackElo "1880"]
[PlyCount "53"]
[EventDate "2014.04.01"]
[EventType "team-swiss"]
[EventRounds "9"]
[EventCountry "CRO"]
[SourceTitle "CBM 159 Extra"]
[Source "ChessBase"]
[SourceDate "2014.04.24"]
[SourceVersion "1"]
[SourceVersionDate "2014.04.24"]
[SourceQuality "1"]
[WhiteTeam "Germany Stiftung BSW/DBAG Seniors II"]
[BlackTeam "Finland Seniors III"]
[WhiteTeamCountry "GER"]
[BlackTeamCountry "FIN"]

1. d4 d5 2. Nf3 Nf6 3. Bf4 g6 4. e3 Bg7 5. Bd3 c5 6. c3 c4 7. Bc2 0-0 8. h3 Nc6 9. Nbd2 a6 10. 0-0 b5 11. a3 Bd7 12. Qe2 Qc8 13. Rfe1 Bf5 14. e4 dxe4 15. Nxe4 Nd5 16. Bg3 Re8 17. Rad1 Bh6 18. Nh4 Qe6 19. Nxf5 gxf5 20. Nc5 Qxe2 21. Rxe2 e6 22. Nd7 Kh8 23. Rde1 Rg8 24. Ne5 Nxe5 25. Bxe5+ Bg7 26. Kh2 Bxe5+ 27. Rxe5 1/2-1/2